[Event "2nd Gujarat Open 2019"]
[Site "Ahmedabad, Gujarat"]
[Date "2019.09.29"]
[Round "10.22"]
[White "Srija, Seshadri"]
[Black "Gaikwad, Siddhant"]
[Result "1-0"]
[WhiteElo "2270"]
[BlackElo "2034"]
[Annotator "NA"]
[PlyCount "107"]
[EventDate "2019.09.22"]
[EventType "swiss"]
[EventCountry "IND"]
[SourceTitle "playchess.com"]
[Source "ChessBase"]
[SourceQuality "1"]
[TimeControl "5400+30"]

1. e4 {[%emt 0:00:00]} c5 {[%emt 0:03:38]} 2. Nf3 {[%emt 0:00:00]} d6 3. d4 {[%emt 0:00:00]} cxd4 {[%emt 0:01:00]} 4. Qxd4 {[%emt 0:00:00]} a6 {[%emt 0:04:15]} 5. h3 {[%emt 0:00:36]} Nc6 {[%emt 0:04:22]} 6. Qe3 {[%emt 0:00:07]} Nf6 {[%emt 0:00:47]} 7. Be2 {[%emt 0:00:22]} g6 {[%emt 0:00:43]} 8. O-O {[%emt 0:00:37]} Bg7 {[%emt 0:00:07]} 9. c4 {[%emt 0:01:06]} O-O {[%emt 0:01:11]} 10. Nc3 {[%emt 0:00:56]} b6 {[%emt 0:02:52]} 11. Rb1 {[%emt 0:01:24]} Nd7 {[%emt 0:00:40]} 12. b3 {[%emt 0:01:18]} Nc5 {[%emt 0:08:27]} 13. Bb2 {[%emt 0:00:41]} f5 {[%emt 0:02:14]} 14. Rfd1 {[%emt 0:08:55]} e5 {[%emt 0:13:55]} 15. Qd2 {[%emt 0:20:59]} Nd4 {[%emt 0:13:54]} 16. b4 {[%emt 0:00:33]} Nce6 {[%emt 0:10:02]} 17. exf5 {[%emt 0:02:13]} Rxf5 {[%emt 0:01:26]} 18. Nxd4 {[%emt 0:13:05]} Nxd4 {[%emt 0:03:03]} 19. Nd5 {[%emt 0:00:47]} Qh4 {[%emt 0:04:34]} 20. Bxd4 {[%emt 0:08:13]} exd4 {[%emt 0:00:16]} 21. Bg4 {[%emt 0:02:45]} Rf8 {[%emt 0:08:31]} 22. g3 {[%emt 0:03:31]} Qd8 {[%emt 0:00:54]} 23. Re1 {[%emt 0:01:42]} Bxg4 {[%emt 0:00:22]} 24. hxg4 {[%emt 0:00:01]} Ra7 {[%emt 0:00:10]} 25. f4 {[%emt 0:13:03]} b5 {[%emt 0:04:06]} 26. Qe2 {[%emt 0:01:17]} bxc4 {[%emt 0:02:43]} 27. Qxc4 {[%emt 0:00:33]} Kh8 {[%emt 0:00:08]} 28. Rbc1 {[%emt 0:00:38]} Raf7 {[%emt 0:05:08]} 29. Qxa6 {[%emt 0:03:34]} Qd7 {[%emt 0:00:09]} 30. Qe2 {[%emt 0:00:39]} d3 {[%emt 0:02:01]} 31. Qxd3 {[%emt 0:00:02]} Qxg4 {[%emt 0:00:07]} 32. Kg2 {[%emt 0:00:21]} g5 {[%emt 0:02:21]} 33. Ne3 {[%emt 0:05:42]} Qd7 {[%emt 0:01:00]} 34. Nd5 {[%emt 0:04:48]} gxf4 {[%emt 0:00:48]} 35. Rh1 Be5 36. Rc7 Qg4 37. Rxh7+ Kg8 38. Rcxf7 Rxf7 39. Rxf7 Kxf7 40. Nxf4 Bxf4 41. Qc4+ Ke8 42. Qe4+ Kd7 43. Qxf4 Qe2+ 44. Kh3 Qxa2 45. Qg4+ Kc7 46. Qg7+ Kc6 47. Qc3+ Kd7 48. Qd4 Qb1 49. Qg4+ Kc7 50. Qc4+ Kd7 51. b5 Qh1+ 52. Kg4 Qd1+ 53. Kh4 Qf3 54. Qg4+ 1-0

[Event "2nd Gujarat Open 2019"]
[Site "Ahmedabad, Gujarat"]
[Date "2019.09.29"]
[Round "10.23"]
[White "Nikhil Magizhnan"]
[Black "Sri Sai Baswanth P"]
[Result "1-0"]
[WhiteElo "2251"]
[BlackElo "2013"]
[Annotator "NA"]
[PlyCount "117"]
[EventDate "2019.09.22"]
[EventType "swiss"]
[EventCountry "IND"]
[SourceTitle "playchess.com"]
[Source "ChessBase"]
[SourceQuality "1"]
[TimeControl "5400+30"]

1. e4 {[%emt 0:01:04]} c6 {[%emt 0:00:00]} 2. d4 {[%emt 0:00:45]} d5 {[%emt 0:00:00]} 3. e5 {[%emt 0:00:17]} c5 {[%emt 0:00:05]} 4. dxc5 {[%emt 0:02:57]} e6 {[%emt 0:00:19]} 5. Be3 {[%emt 0:05:19]} Nd7 {[%emt 0:01:20]} 6. Nf3 {[%emt 0:09:47]} Bxc5 {[%emt 0:00:08]} 7. Bxc5 {[%emt 0:00:10]} Nxc5 {[%emt 0:00:05]} 8. Qd4 {[%emt 0:00:31]} Qb6 {[%emt 0:01:08]} 9. Nbd2 {[%emt 0:01:46]} Ne7 {[%emt 0:00:50]} 10. Nb3 {[%emt 0:00:54]} Nxb3 {[%emt 0:01:51]} 11. axb3 {[%emt 0:00:31]} Qxd4 {[%emt 0:00:50]} 12. Nxd4 {[%emt 0:01:07]} Ng6 {[%emt 0:00:15]} 13. Nf3 {[%emt 0:01:47]} f6 {[%emt 0:00:11]} 14. exf6 {[%emt 0:00:34]} gxf6 {[%emt 0:00:04]} 15. g3 {[%emt 0:00:53]} e5 {[%emt 0:11:38]} 16. Bg2 {[%emt 0:02:49]} Bf5 {[%emt 0:01:38]} 17. c3 {[%emt 0:08:18]} a6 {[%emt 0:04:27]} 18. Nd2 {[%emt 0:01:48]} O-O-O {[%emt 0:02:56]} 19. O-O {[%emt 0:00:44]} Rhe8 {[%emt 0:02:07]} 20. b4 {[%emt 0:02:46]} Kb8 {[%emt 0:01:40]} 21. Nb3 {[%emt 0:00:33]} Bd3 {[%emt 0:01:38]} 22. Rfe1 {[%emt 0:00:45]} f5 {[%emt 0:03:45]} 23. Nc5 {[%emt 0:04:10]} Bb5 {[%emt 0:00:06]} 24. Nb3 {[%emt 0:04:00]} Bd3 {[%emt 0:08:39]} 25. h4 {[%emt 0:01:05]} h5 {[%emt 0:03:32]} 26. Bf3 {[%emt 0:01:42]} Rh8 {[%emt 0:05:10]} 27. Nc5 {[%emt 0:00:36]} Bb5 {[%emt 0:01:21]} 28. Rad1 {[%emt 0:05:16]} e4 {[%emt 0:01:41]} 29. Bg2 {[%emt 0:00:33]} Rhe8 {[%emt 0:04:21]} 30. Bh3 {[%emt 0:16:35]} b6 {[%emt 0:04:57]} 31. Nb3 {[%emt 0:02:02]} Ba4 {[%emt 0:01:38]} 32. Nd4 {[%emt 0:00:47]} Bxd1 {[%emt 0:00:13]} 33. Nc6+ {[%emt 0:01:19]} Kc7 {[%emt 0:00:09]} 34. Nxd8 {[%emt 0:00:03]} Bg4 {[%emt 0:04:14]} 35. Bxg4 {[%emt 0:00:26]} fxg4 {[%emt 0:00:11]} 36. Nf7 {[%emt 0:00:06]} Re7 {[%emt 0:01:46]} 37. Ng5 {[%emt 0:01:02]} Ne5 {[%emt 0:00:05]} 38. Ra1 {[%emt 0:00:39]} Nf3+ {[%emt 0:07:14]} 39. Kg2 {[%emt 0:00:34]} Kb7 {[%emt 0:00:28]} 40. Rh1 {[%emt 0:03:37]} Kc6 {[%emt 0:01:18]} 41. Kf1 {[%emt 0:00:34]} d4 {[%emt 0:13:45]} 42. Ke2 {[%emt 0:07:31]} e3 {[%emt 0:03:06]} 43. fxe3 {[%emt 0:01:47]} Rxe3+ {[%emt 0:00:04]} 44. Kf2 {[%emt 0:00:02]} Rd3 {[%emt 0:00:42]} 45. cxd4 {[%emt 0:05:03]} Nxd4 {[%emt 0:00:04]} 46. Rc1+ {[%emt 0:00:32]} Kb5 {[%emt 0:00:04]} 47. Rc8 Nf5 48. Rf8 Rd2+ 49. Ke1 Rd5 50. Ne4 Kxb4 51. Kf2 b5 52. Nf6 Rd2+ 53. Ke1 Rxb2 54. Nd5+ Ka3 55. Rxf5 a5 56. Nc3 Rg2 57. Rxb5 Rxg3 58. Ne2 Rb3 59. Rxa5+ 1-0

[Event "2nd Gujarat Open 2019"]
[Site "Ahmedabad, Gujarat"]
[Date "2019.09.29"]
[Round "10.24"]
[White "Saranya, Y."]
[Black "Ziatdinov, Raset"]
[Result "0-1"]
[WhiteElo "1974"]
[BlackElo "2222"]
[Annotator "NA"]
[PlyCount "90"]
[EventDate "2019.09.22"]
[EventType "swiss"]
[EventCountry "IND"]
[SourceTitle "playchess.com"]
[Source "ChessBase"]
[SourceQuality "1"]
[TimeControl "5400+30"]

1. e4 e5 2. Nf3 Nc6 3. d4 exd4 4. Nxd4 Nf6 5. Nxc6 bxc6 6. Nc3 Bb4 7. Bd3 d5 8. exd5 cxd5 9. O-O O-O 10. Bg5 c6 11. Na4 h6 12. Bh4 Be7 13. c4 Re8 14. Rc1 d4 15. Qf3 Qc7 16. Bxf6 Bxf6 17. Be4 Re5 18. Bxc6 Rb8 19. b3 h5 20. Bd5 Bg4 21. Qf4 d3 22. Qd2 Be2 23. Rfe1 Rbe8 24. Nc3 Qc5 25. Qf4 Qe7 26. Nb1 Bg5 27. Qd4 Bxc1 28. Rxc1 Bd1 29. h3 Re1+ 30. Kh2 Bc2 31. Rxe1 Qxe1 32. Na3 Qe5+ 33. Qxe5 Rxe5 34. Bf3 Ra5 35. Nb5 d2 36. Nc3 Re5 37. b4 Re1 38. c5 d1=Q 39. Bxd1 Bxd1 40. c6 Bc2 41. Nb5 Ba4 42. Nxa7 Re7 43. b5 Rxa7 44. b6 Ra8 45. b7 Bxc6 0-1

[Event "2nd Gujarat Open 2019"]
[Site "Ahmedabad, Gujarat"]
[Date "2019.09.29"]
[Round "10.25"]
[White "Ramakrishna, Perumalla"]
[Black "Patil, Pratik"]
[Result "1/2-1/2"]
[WhiteElo "1971"]
[BlackElo "2187"]
[Annotator "ChessBase"]
[PlyCount "67"]
[EventDate "2019.09.22"]
[EventType "swiss"]
[EventCountry "IND"]
[SourceTitle "playchess.com"]
[Source "ChessBase"]
[SourceQuality "1"]
[TimeControl "5400+30"]

1. e4 {[%emt 0:01:28]} c5 {[%emt 0:00:00]} 2. Nf3 {[%emt 0:00:05]} e6 {[%emt 0:00:00]} 3. c3 {[%emt 0:00:03]} Nf6 {[%emt 0:00:02]} 4. e5 {[%emt 0:00:04]} Nd5 {[%emt 0:00:04]} 5. d4 {[%emt 0:00:04]} cxd4 {[%emt 0:00:06]} 6. cxd4 {[%emt 0:00:03]} d6 {[%emt 0:00:10]} 7. Bc4 {[%emt 0:00:03]} Be7 {[%emt 0:01:32]} 8. Nc3 {[%emt 0:00:16]} Nxc3 {[%emt 0:00:20]} 9. bxc3 {[%emt 0:00:17]} Qc7 {[%emt 0:00:18]} 10. Qe2 {[%emt 0:10:08]} d5 {[%emt 0:10:29]} 11. Bb5+ {[%emt 0:00:12]} Bd7 {[%emt 0:00:04]} 12. Bd2 {[%emt 0:00:59]} Bxb5 {[%emt 0:00:40]} 13. Qxb5+ {[%emt 0:00:03]} Nd7 {[%emt 0:00:23]} 14. Rb1 {[%emt 0:02:02]} Rb8 {[%emt 0:03:43]} 15. O-O {[%emt 0:00:12]} O-O {[%emt 0:00:14]} 16. Rb3 {[%emt 0:09:15]} a6 {[%emt 0:18:22]} 17. Qd3 {[%emt 0:03:02]} h6 {[%emt 0:03:35]} 18. Re1 {[%emt 0:07:11]} b5 {[%emt 0:04:29]} 19. g4 {[%emt 0:00:09]} Qc4 {[%emt 0:08:04]} 20. Qb1 {[%emt 0:00:32]} a5 {[%emt 0:03:59]} 21. Be3 {[%emt 0:04:28]} a4 {[%emt 0:13:05]} 22. Rb2 {[%emt 0:04:18]} Qxc3 {[%emt 0:09:29]} 23. Rxb5 {[%emt 0:00:52]} Qc4 {[%emt 0:00:17]} 24. Rb7 {[%emt 0:05:06]} Ba3 {[%emt 0:08:46]} 25. g5 {[%emt 0:02:49]} Qa6 {[%emt 0:03:50]} 26. Rxb8 {[%emt 0:04:08]} Rxb8 {[%emt 0:00:01]} 27. Qc2 {[%emt 0:00:11]} Qc4 {[%emt 0:00:14]} 28. Qd1 {[%emt 0:00:33]} hxg5 {[%emt 0:03:05]} 29. Nd2 {[%emt 0:07:46]} Qd3 {[%emt 0:07:59]} 30. Qxa4 {[%emt 0:00:38]} Bb4 {[%emt 0:00:22]} 31. Qxd7 {[%emt 0:22:52]} Bxd2 {[%emt 0:00:02]} 32. Qc7 {[%emt 0:01:04]} Rb2 {[%emt 0:01:40]} 33. Qd8+ {[%emt 0:00:44]} Kh7 {[%emt 0:00:00]} 34. Qxg5 {[%emt 0:00:10]} 1/2-1/2

[Event "2nd Gujarat Open 2019"]
[Site "Ahmedabad, Gujarat"]
[Date "2019.09.29"]
[Round "10.27"]
[White "Aradhya, Garg"]
[Black "Sibi Srinivas Einstein"]
[Result "1-0"]
[WhiteElo "2157"]
[BlackElo "1751"]
[Annotator "NA"]
[PlyCount "113"]
[EventDate "2019.09.22"]
[EventType "swiss"]
[EventCountry "IND"]
[SourceTitle "playchess.com"]
[Source "ChessBase"]
[SourceQuality "1"]
[TimeControl "5400+30"]

1. e4 {[%emt 0:00:00]} c5 {[%emt 0:00:20]} 2. Nf3 {[%emt 0:00:00]} e6 {[%emt 0:00:48]} 3. d4 {[%emt 0:00:03]} cxd4 {[%emt 0:00:36]} 4. Nxd4 {[%emt 0:00:05]} Nc6 {[%emt 0:00:26]} 5. Nc3 {[%emt 0:01:11]} Qc7 {[%emt 0:00:41]} 6. g3 {[%emt 0:00:48]} a6 {[%emt 0:01:28]} 7. Bg2 {[%emt 0:00:13]} Nf6 {[%emt 0:00:13]} 8. O-O {[%emt 0:00:31]} Nxd4 {[%emt 0:00:32]} 9. Qxd4 {[%emt 0:00:03]} Bc5 {[%emt 0:00:24]} 10. Bf4 {[%emt 0:00:11]} d6 {[%emt 0:00:38]} 11. Qd2 {[%emt 0:00:47]} h6 {[%emt 0:05:23]} 12. Rad1 {[%emt 0:01:45]} e5 {[%emt 0:03:05]} 13. Be3 {[%emt 0:00:09]} Bg4 {[%emt 0:16:27]} 14. Bxc5 {[%emt 0:06:54]} dxc5 {[%emt 0:00:59]} 15. Qd6 {[%emt 0:00:18]} Rc8 {[%emt 0:17:28]} 16. Qxc7 {[%emt 0:06:35]} Rxc7 {[%emt 0:00:51]} 17. Rd6 {[%emt 0:00:05]} Rd7 {[%emt 0:07:06]} 18. Rb6 {[%emt 0:08:17]} Kd8 {[%emt 0:02:57]} 19. b4 {[%emt 0:02:36]} c4 {[%emt 0:03:03]} 20. a4 {[%emt 0:21:56]} Kc7 {[%emt 0:03:05]} 21. Rxf6 {[%emt 0:02:47]} gxf6 {[%emt 0:00:37]} 22. Nd5+ {[%emt 0:00:03]} Rxd5 {[%emt 0:03:31]} 23. exd5 {[%emt 0:00:01]} Bf5 {[%emt 0:12:14]} 24. f4 {[%emt 0:07:37]} e4 {[%emt 0:00:14]} 25. Kf2 {[%emt 0:00:56]} Kd6 {[%emt 0:00:46]} 26. Ke3 {[%emt 0:04:31]} h5 {[%emt 0:04:23]} 27. c3 {[%emt 0:07:03]} h4 {[%emt 0:04:24]} 28. gxh4 {[%emt 0:01:54]} Rxh4 {[%emt 0:00:42]} 29. Bxe4 {[%emt 0:01:41]} Bxe4 {[%emt 0:00:21]} 30. Kxe4 {[%emt 0:00:02]} Rxh2 {[%emt 0:00:08]} 31. Kf5 {[%emt 0:02:53]} Rh3 {[%emt 0:01:05]} 32. Kxf6 {[%emt 0:00:19]} Rxc3 {[%emt 0:00:13]} 33. Kxf7 {[%emt 0:00:15]} Kxd5 {[%emt 0:00:05]} 34. f5 {[%emt 0:00:34]} Re3 {[%emt 0:00:51]} 35. f6 {[%emt 0:04:11]} c3 {[%emt 0:01:49]} 36. Kg7 {[%emt 0:06:24]} Rg3+ {[%emt 0:00:47]} 37. Kf8 {[%emt 0:02:07]} Rh3 {[%emt 0:01:32]} 38. f7 {[%emt 0:01:09]} Rh8+ {[%emt 0:00:34]} 39. Kg7 {[%emt 0:02:20]} Rc8 {[%emt 0:00:10]} 40. Rf5+ {[%emt 0:02:32]} Ke4 {[%emt 0:01:20]} 41. f8=Q {[%emt 0:02:09]} Rxf8 {[%emt 0:00:07]} 42. Rxf8 {[%emt 0:00:04]} c2 {[%emt 0:00:12]} 43. Rc8 {[%emt 0:00:25]} Kd3 {[%emt 0:00:29]} 44. Kf6 {[%emt 0:00:03]} Kd2 45. Ke5 c1=Q 46. Rxc1 Kxc1 47. Kd6 Kc2 48. Kc7 Kb3 49. b5 Kxa4 50. b6 Kb3 51. Kxb7 a5 52. Kc6 a4 53. b7 a3 54. b8=Q+ Kc2 55. Qa7 Kb2 56. Qd4+ Kb1 57. Qb4+ 1-0

[Event "2nd Gujarat Open 2019"]
[Site "Ahmedabad, Gujarat"]
[Date "2019.09.29"]
[Round "10.29"]
[White "Gandhi, Anish"]
[Black "Alan Diviya Raj"]
[Result "1-0"]
[WhiteElo "2201"]
[BlackElo "1943"]
[Annotator "ChessBase"]
[PlyCount "81"]
[EventDate "2019.09.22"]
[EventType "swiss"]
[EventCountry "IND"]
[SourceTitle "playchess.com"]
[Source "ChessBase"]
[SourceQuality "1"]
[TimeControl "5400+30"]

1. b3 {[%emt 0:00:00]} e5 {[%emt 0:00:00]} 2. Bb2 {[%emt 0:00:00]} Nc6 {[%emt 0:00:00]} 3. c4 {[%emt 0:00:00]} g6 {[%emt 0:00:53]} 4. Nc3 {[%emt 0:00:19]} Bg7 {[%emt 0:00:08]} 5. g3 {[%emt 0:00:16]} Nge7 {[%emt 0:00:10]} 6. Bg2 {[%emt 0:00:15]} O-O {[%emt 0:00:10]} 7. e3 {[%emt 0:01:38]} d6 {[%emt 0:02:59]} 8. Nge2 {[%emt 0:00:17]} Be6 {[%emt 0:01:31]} 9. O-O {[%emt 0:11:34]} d5 {[%emt 0:01:25]} 10. d3 {[%emt 0:01:14]} Rb8 {[%emt 0:05:25]} 11. e4 {[%emt 0:07:09]} dxc4 {[%emt 0:05:39]} 12. dxc4 {[%emt 0:00:18]} Nd4 {[%emt 0:00:32]} 13. Nxd4 {[%emt 0:02:06]} exd4 {[%emt 0:00:07]} 14. Nd5 {[%emt 0:00:24]} c6 {[%emt 0:01:34]} 15. Nf4 {[%emt 0:00:45]} c5 {[%emt 0:09:18]} 16. Nxe6 {[%emt 0:07:58]} fxe6 {[%emt 0:00:09]} 17. Ba3 {[%emt 0:02:28]} Qa5 {[%emt 0:07:00]} 18. Bb2 {[%emt 0:02:22]} Nc6 {[%emt 0:05:34]} 19. f4 {[%emt 0:00:36]} a6 {[%emt 0:02:33]} 20. Qg4 {[%emt 0:07:03]} Rbe8 {[%emt 0:00:36]} 21. e5 {[%emt 0:04:05]} Nb4 {[%emt 0:03:47]} 22. Be4 {[%emt 0:01:27]} Qc7 {[%emt 0:03:22]} 23. h4 {[%emt 0:03:08]} d3 {[%emt 0:05:02]} 24. Rad1 {[%emt 0:01:01]} b5 {[%emt 0:09:09]} 25. a3 {[%emt 0:01:34]} bxc4 {[%emt 0:05:01]} 26. axb4 {[%emt 0:02:59]} cxb3 {[%emt 0:00:07]} 27. bxc5 {[%emt 0:00:28]} Qxc5+ {[%emt 0:00:17]} 28. Rf2 {[%emt 0:00:15]} a5 {[%emt 0:00:27]} 29. Bxd3 {[%emt 0:03:19]} a4 {[%emt 0:00:17]} 30. Ra1 {[%emt 0:00:32]} Rf7 {[%emt 0:03:18]} 31. Rxa4 {[%emt 0:07:01]} Rd7 {[%emt 0:00:05]} 32. Rc4 {[%emt 0:00:54]} Qe3 {[%emt 0:01:09]} 33. Rc8 {[%emt 0:04:39]} Rxc8 {[%emt 0:04:58]} 34. Qxe6+ {[%emt 0:00:58]} Kh8 {[%emt 0:00:08]} 35. Qxd7 {[%emt 0:00:12]} Qxg3+ {[%emt 0:00:06]} 36. Kf1 {[%emt 0:01:43]} Rf8 {[%emt 0:00:12]} 37. h5 {[%emt 0:02:03]} Rxf4 {[%emt 0:01:41]} 38. Qe8+ {[%emt 0:00:31]} Bf8 {[%emt 0:00:06]} 39. e6+ {[%emt 0:00:05]} Kg8 {[%emt 0:00:04]} 40. Qf7+ {[%emt 0:00:14]} Rxf7 {[%emt 0:00:17]} 41. exf7# {[%emt 0:00:05]} 1-0

[Event "2nd Gujarat Open 2019"]
[Site "Ahmedabad, Gujarat"]
[Date "2019.09.29"]
[Round "10.30"]
[White "Rathneesh R"]
[Black "Nitin, S.."]
[Result "1/2-1/2"]
[WhiteElo "2065"]
[BlackElo "2361"]
[Annotator "ChessBase"]
[PlyCount "71"]
[EventDate "2019.09.22"]
[EventType "swiss"]
[EventCountry "IND"]
[SourceTitle "playchess.com"]
[Source "ChessBase"]
[SourceQuality "1"]
[TimeControl "5400+30"]

1. c4 {[%emt 0:00:00]} g6 {[%emt 0:00:00]} 2. g3 {[%emt 0:00:07]} Bg7 {[%emt 0:00:00]} 3. Bg2 {[%emt 0:00:20]} e5 {[%emt 0:00:00]} 4. Nc3 {[%emt 0:01:02]} Nc6 {[%emt 0:00:09]} 5. Rb1 {[%emt 0:01:58]} a5 {[%emt 0:00:34]} 6. a3 {[%emt 0:01:46]} d6 {[%emt 0:00:45]} 7. b4 {[%emt 0:02:29]} axb4 {[%emt 0:00:05]} 8. axb4 {[%emt 0:00:10]} f5 {[%emt 0:00:12]} 9. b5 {[%emt 0:05:58]} Nd4 {[%emt 0:00:11]} 10. e3 {[%emt 0:00:58]} Ne6 {[%emt 0:00:08]} 11. Nge2 {[%emt 0:01:07]} Nf6 {[%emt 0:00:15]} 12. O-O {[%emt 0:03:24]} O-O {[%emt 0:00:07]} 13. d3 {[%emt 0:01:15]} g5 {[%emt 0:00:49]} 14. f4 {[%emt 0:03:57]} Nh5 {[%emt 0:01:33]} 15. Nd5 {[%emt 0:08:32]} Bd7 {[%emt 0:02:33]} 16. Nec3 {[%emt 0:11:30]} g4 {[%emt 0:01:19]} 17. fxe5 {[%emt 0:06:27]} dxe5 {[%emt 0:00:44]} 18. e4 {[%emt 0:01:21]} Nd4 {[%emt 0:00:49]} 19. exf5 {[%emt 0:06:14]} Bxf5 {[%emt 0:00:13]} 20. Ne3 {[%emt 0:01:40]} Nf3+ {[%emt 0:07:30]} 21. Bxf3 {[%emt 0:07:30]} gxf3 {[%emt 0:00:14]} 22. Nxf5 {[%emt 0:11:54]} Rxf5 {[%emt 0:00:08]} 23. Be3 {[%emt 0:01:02]} Ra3 {[%emt 0:03:25]} 24. Nd5 {[%emt 0:03:50]} Nf6 {[%emt 0:00:41]} 25. Rxf3 {[%emt 0:08:00]} Nxd5 {[%emt 0:00:48]} 26. cxd5 {[%emt 0:02:19]} Rxf3 {[%emt 0:00:15]} 27. Qxf3 {[%emt 0:00:10]} Rxd3 {[%emt 0:00:15]} 28. Rc1 Qxd5 {[%emt 0:02:32]} 29. Qxd5+ {[%emt 0:04:10]} Rxd5 {[%emt 0:00:02]} 30. Rxc7 {[%emt 0:00:12]} Rxb5 {[%emt 0:00:07]} 31. Kf2 {[%emt 0:02:10]} Rb3 {[%emt 0:00:44]} 32. g4 {[%emt 0:01:43]} b5 {[%emt 0:00:15]} 33. Rc8+ {[%emt 0:01:45]} Kf7 {[%emt 0:00:06]} 34. Rc7+ {[%emt 0:00:11]} Kg8 {[%emt 0:00:49]} 35. Rc8+ {[%emt 0:00:02]} Kf7 {[%emt 0:00:19]} 36. Rc7+ {[%emt 0:00:01]} 1/2-1/2

[Event "2nd Gujarat Open 2019"]
[Site "Ahmedabad, Gujarat"]
[Date "2019.09.29"]
[Round "10.31"]
[White "Bidhar, Rutumbara"]
[Black "Souhardo Basak"]
[Result "1/2-1/2"]
[WhiteElo "1847"]
[BlackElo "2301"]
[Annotator "NA"]
[PlyCount "117"]
[EventDate "2019.09.22"]
[EventType "swiss"]
[EventCountry "IND"]
[SourceTitle "playchess.com"]
[Source "ChessBase"]
[SourceQuality "1"]
[TimeControl "5400+30"]

1. e4 {[%emt 0:00:00]} c5 {[%emt 0:00:00]} 2. c3 {[%emt 0:00:00]} d6 {[%emt 0:00:00]} 3. d4 {[%emt 0:00:18]} Nf6 {[%emt 0:00:00]} 4. Bd3 {[%emt 0:00:14]} g6 {[%emt 0:00:13]} 5. Nf3 {[%emt 0:00:17]} Bg7 {[%emt 0:00:05]} 6. O-O {[%emt 0:00:13]} O-O {[%emt 0:00:16]} 7. h3 {[%emt 0:00:38]} Nc6 8. d5 {[%emt 0:00:43]} Ne5 {[%emt 0:00:18]} 9. Nxe5 {[%emt 0:01:37]} dxe5 {[%emt 0:00:02]} 10. Nd2 {[%emt 0:00:11]} Ne8 {[%emt 0:00:08]} 11. a4 {[%emt 0:02:20]} Nd6 {[%emt 0:00:22]} 12. a5 {[%emt 0:04:41]} f5 {[%emt 0:08:46]} 13. f3 {[%emt 0:02:57]} f4 {[%emt 0:01:14]} 14. b4 {[%emt 0:02:47]} cxb4 {[%emt 0:04:00]} 15. c4 {[%emt 0:03:25]} b6 {[%emt 0:01:41]} 16. Nb3 {[%emt 0:04:20]} Nb7 {[%emt 0:09:58]} 17. Bd2 {[%emt 0:05:13]} Qd6 {[%emt 0:02:45]} 18. a6 {[%emt 0:04:17]} Nd8 {[%emt 0:05:53]} 19. Ra4 {[%emt 0:04:57]} Nf7 {[%emt 0:01:45]} 20. Bxb4 {[%emt 0:00:34]} Qf6 {[%emt 0:00:09]} 21. c5 {[%emt 0:01:20]} bxc5 {[%emt 0:01:33]} 22. Nxc5 {[%emt 0:09:01]} Rb8 {[%emt 0:06:26]} 23. Be1 {[%emt 0:03:58]} Ng5 {[%emt 0:03:10]} 24. Kh2 {[%emt 0:02:39]} Rb2 {[%emt 0:01:32]} 25. Rf2 {[%emt 0:00:36]} Rb6 {[%emt 0:13:58]} 26. Rc2 {[%emt 0:08:51]} Rd6 {[%emt 0:06:45]} 27. Bf2 {[%emt 0:05:06]} e6 {[%emt 0:13:33]} 28. Nb7 {[%emt 0:03:56]} Rd7 {[%emt 0:01:19]} 29. Bb5 {[%emt 0:01:53]} Rdf7 {[%emt 0:01:09]} 30. h4 {[%emt 0:05:28]} Nxe4 {[%emt 0:01:25]} 31. fxe4 {[%emt 0:02:01]} exd5 {[%emt 0:00:02]} 32. Qxd5 {[%emt 0:00:39]} Be6 {[%emt 0:02:12]} 33. Qd3 {[%emt 0:03:01]} g5 {[%emt 0:00:15]} 34. Nd6 {[%emt 0:00:32]} Re7 {[%emt 0:00:51]} 35. Bc4 {[%emt 0:00:50]} g4 {[%emt 0:01:38]} 36. g3 {[%emt 0:02:29]} Rd8 {[%emt 0:00:36]} 37. Qa3 {[%emt 0:02:53]} Bxc4 {[%emt 0:01:43]} 38. Nxc4 {[%emt 0:00:04]} Red7 {[%emt 0:00:06]} 39. Qa2 {[%emt 0:02:05]} Kh8 {[%emt 0:00:47]} 40. Ra3 {[%emt 0:01:22]} Rd1 {[%emt 0:01:08]} 41. Rd2 {[%emt 0:05:37]} fxg3+ {[%emt 0:01:40]} 42. Bxg3 {[%emt 0:00:45]} R8xd2+ {[%emt 0:00:13]} 43. Nxd2 {[%emt 0:00:05]} Qb6 {[%emt 0:00:33]} 44. Nf1 {[%emt 0:01:30]} Rxf1 {[%emt 0:00:02]} 45. Qg2 {[%emt 0:00:09]} Rf8 {[%emt 0:00:08]} 46. Ra2 {[%emt 0:00:19]} h5 {[%emt 0:00:42]} 47. Qb2 Qe3 48. Qe2 Qb3 49. Rb2 Qa3 50. Ra2 Qe7 51. Rb2 Rf3 52. Qc2 Qa3 53. Qc8+ Kh7 54. Rf2 Qe3 55. Rxf3 gxf3 56. Qf5+ Kg8 57. Qc8+ Kf7 58. Qd7+ Kg8 59. Qe8+ 1/2-1/2

[Event "2nd Gujarat Open 2019"]
[Site "Ahmedabad, Gujarat"]
[Date "2019.09.29"]
[Round "10.32"]
[White "Kanishk S K"]
[Black "Deshmukh, Anup"]
[Result "0-1"]
[WhiteElo "2001"]
[BlackElo "2193"]
[Annotator "ChessBase"]
[PlyCount "54"]
[EventDate "2019.09.22"]
[EventType "swiss"]
[EventCountry "IND"]
[SourceTitle "playchess.com"]
[Source "ChessBase"]
[SourceQuality "1"]
[TimeControl "5400+30"]

1. d4 {[%emt 0:00:00]} Nf6 {[%emt 0:00:00]} 2. Nf3 {[%emt 0:00:07]} b5 {[%emt 0:00:00]} 3. g3 {[%emt 0:00:42]} Bb7 {[%emt 0:00:00]} 4. Bg2 {[%emt 0:00:07]} c5 {[%emt 0:00:54]} 5. dxc5 {[%emt 0:00:19]} e6 {[%emt 0:01:12]} 6. Na3 {[%emt 0:16:20]} Bxc5 {[%emt 0:02:29]} 7. O-O {[%emt 0:02:32]} a6 {[%emt 0:00:46]} 8. c3 {[%emt 0:00:37]} h5 {[%emt 0:14:11]} 9. Nc2 {[%emt 0:02:12]} Be4 {[%emt 0:04:04]} 10. a4 {[%emt 0:04:19]} Nc6 {[%emt 0:02:04]} 11. Ncd4 {[%emt 0:04:03]} b4 {[%emt 0:08:06]} 12. Nxc6 {[%emt 0:00:40]} Bxc6 {[%emt 0:00:13]} 13. cxb4 {[%emt 0:01:07]} Bxb4 {[%emt 0:00:11]} 14. Qd4 {[%emt 0:05:19]} Qa5 {[%emt 0:01:53]} 15. Bd2 {[%emt 0:05:31]} Rb8 {[%emt 0:05:45]} 16. Bf4 {[%emt 0:08:06]} Bc5 {[%emt 0:08:16]} 17. Qe5 {[%emt 0:00:47]} d6 {[%emt 0:01:04]} 18. Qg5 {[%emt 0:00:16]} O-O {[%emt 0:04:50]} 19. Bd2 Qc7 {[%emt 0:13:27]} 20. Bc3 {[%emt 0:10:22]} e5 {[%emt 0:02:37]} 21. Nxe5 {[%emt 0:01:05]} Nh7 {[%emt 0:01:49]} 22. Qxh5 {[%emt 0:01:44]} Bxg2 {[%emt 0:00:57]} 23. Kxg2 {[%emt 0:00:28]} dxe5 {[%emt 0:01:02]} 24. Bxe5 {[%emt 0:00:07]} Qc6+ {[%emt 0:01:13]} 25. Kg1 {[%emt 0:01:30]} Rbc8 {[%emt 0:05:24]} 26. Rac1 {[%emt 0:03:37]} Qe6 {[%emt 0:02:27]} 27. e3 {[%emt 0:03:28]} g6 {[%emt 0:01:01]} 0-1